Wordt geladen...

منامات

Bibliografische gegevens
Hoofdauteurs: جوخة الحارثي, Harisi, javhathu
Formaat: Printed Book
Gepubliceerd in: Beirut: 2004.
Onderwerpen:
LEADER 00535nam a2200181 4500
999 |c 295705  |d 295705 
082 |a 892.736  |b HAR/M 
100 |a جوخة الحارثي 
100 |a Harisi, javhathu 
245 |a منامات  |c Munamaath 
260 |a Beirut:  |c 2004. 
300 |a 96p. 
500 |a includes index 
650 |a Arabic Novels 
650 |a Arabic Literature 
650 |a رواية 
942 |c BK 
952 |0 0  |1 0  |4 0  |6 892_736000000000000_HAR_M  |7 0  |9 314985  |a ARA  |b ARA  |d 2020-08-11  |l 0  |o 892.736 HAR/M  |p ARA8242  |r 2020-08-11  |w 2020-08-11  |y BK